[Event "Zenica"]
[Site "Zenica"]
[Date "2014.12.24"]
[Round "5"]
[White "Djukic, Nikola"]
[Black "Muratovic, Enver"]
[Result "1-0"]
[WhiteElo "2512"]
[BlackElo "2247"]
[PlyCount "73"]
[EventDate "2014.12.21"]
[EventType "tourn"]
[EventRounds "9"]
[EventCountry "BIH"]
[EventCategory "6"]
[SourceTitle "CBM 164 Extra"]
[Source "ChessBase"]
[SourceDate "2015.03.02"]
[SourceVersion "1"]
[SourceVersionDate "2015.03.02"]
[SourceQuality "1"]

1. e4 c5 2. Nf3 e6 3. d4 cxd4 4. Nxd4 a6 5. Nc3 Qc7 6. Bd3 Nc6 7. Nxc6 bxc6 8. 0-0 Nf6 9. Qe2 d5 10. Bg5 Be7 11. e5 Nd7 12. Bxe7 Kxe7 13. Rae1 Bb7 14. Nd1 g6 15. f4 h5 16. Nf2 a5 17. c4 Qb6 18. Qf3 Ba6 19. b3 a4 20. Qg3 axb3 21. axb3 Nc5 22. Kh1 Kd7 23. Rb1 Qb4 24. Qh4 Rhf8 25. Rfe1 Kc7 26. cxd5 exd5 27. Bxa6 Nxa6 28. Nd3 Qb5 29. Red1 Kb6 30. b4 Rfe8 31. Qf6 Nc7 32. Rbc1 Ra2 33. Qxf7 Rea8 34. Qxg6 h4 35. h3 R8a3 36. Rc5 Qa6 37. Rdc1 1-0

[Event "Zenica"]
[Site "Zenica"]
[Date "2014.12.23"]
[Round "3"]
[White "Lajthajm, Borko"]
[Black "Muratovic, Enver"]
[Result "1-0"]
[WhiteElo "2462"]
[BlackElo "2247"]
[PlyCount "86"]
[EventDate "2014.12.21"]
[EventType "tourn"]
[EventRounds "9"]
[EventCountry "BIH"]
[EventCategory "6"]
[SourceTitle "CBM 164 Extra"]
[Source "ChessBase"]
[SourceDate "2015.03.02"]
[SourceVersion "1"]
[SourceVersionDate "2015.03.02"]
[SourceQuality "1"]

1. d4 d5 2. c4 c6 3. Nc3 dxc4 4. e3 e6 5. Bxc4 Nf6 6. Nf3 b5 7. Bd3 a6 8. e4 Bb7 9. e5 Nd5 10. Ne4 h6 11. 0-0 Nd7 12. a4 Nb4 13. Bb1 c5 14. Qe2 Bd5 15. Re1 Bc4 16. Qd1 bxa4 17. Qxa4 Bb5 18. Qd1 c4 19. Nc3 Nb6 20. Be3 N6d5 21. Nd2 Be7 22. Qg4 g6 23. Nde4 Nxc3 24. bxc3 Nd3 25. Rd1 Qd5 26. Ba2 Nb2 27. Rd2 Na4 28. f3 0-0-0 29. Bb1 Qb7 30. Qf4 Rd7 31. Qxf7 Bg5 32. Bxg5 Qxe4 33. Qxd7+ Kxd7 34. Bxe4 hxg5 35. Ra3 Kc7 36. Bxg6 Rb8 37. Rda2 Nb6 38. Be4 Nd7 39. Kf2 Rh8 40. h3 Kb6 41. Kg3 Rg8 42. Kh2 Ka7 43. g4 Nb6 1-0

[Event "Zenica"]
[Site "Zenica"]
[Date "2014.12.21"]
[Round "1"]
[White "Burovic, Ismet"]
[Black "Muratovic, Enver"]
[Result "1-0"]
[WhiteElo "2387"]
[BlackElo "2247"]
[PlyCount "80"]
[EventDate "2014.12.21"]
[EventType "tourn"]
[EventRounds "9"]
[EventCountry "BIH"]
[EventCategory "6"]
[SourceTitle "CBM 164 Extra"]
[Source "ChessBase"]
[SourceDate "2015.03.02"]
[SourceVersion "1"]
[SourceVersionDate "2015.03.02"]
[SourceQuality "1"]

1. e4 c5 2. d3 Nc6 3. f4 d6 4. Nf3 g6 5. c3 Bg7 6. Be2 Nf6 7. Na3 0-0 8. 0-0 a6 9. Be3 b5 10. Nc2 Rb8 11. a3 Ng4 12. Bd2 b4 13. axb4 cxb4 14. d4 Qb6 15. Kh1 bxc3 16. bxc3 a5 17. d5 Nd8 18. Nfd4 Nf6 19. Bd3 Bd7 20. Na3 Qc5 21. Qc2 a4 22. Be3 Qa5 23. Rfb1 Rxb1+ 24. Rxb1 Ng4 25. Bg1 e5 26. Ndb5 exf4 27. Nc4 Qa8 28. Nbxd6 Ne5 29. Nb6 Qa5 30. Nxd7 Nxd7 31. Rb4 a3 32. Nc4 a2 33. Nxa5 a1Q 34. Bb5 Qxa5 35. Bxd7 Qc7 36. Ba4 f3 37. gxf3 f5 38. f4 fxe4 39. Qxe4 Nf7 40. c4 Nd6 1-0